| 000 | 01098nam a22001817a 4500 | ||
|---|---|---|---|
| 008 | 120424t xxu||||| |||| 00| 0 eng d | ||
| 020 | _a0470851244 9780470851241 | ||
| 050 | _aHD69.P75.B871 | ||
| 100 | _aBurke, Rory. | ||
| 245 |
_aProject management : planning and control techniques. / _cRory Burke. |
||
| 250 | _a4th ed. | ||
| 260 |
_aChichester, England : _bJohn Wiley and Sons, _c 2003. |
||
| 300 |
_aix, 373 p. : _b ill. ; _c 24 cm. |
||
| 505 | _aContents: Introduction to project management -- History of project management -- Project life cycle -- Feasibility study -- Project selection -- Project estimating -- Planning and control cycle -- Scope Management -- Work breakdown structure -- Critical path method -- Schedule barchart -- Procurement schedule -- Resource planning -- Projects accounts -- Project control -- Earned value -- Quality management -- Project communications -- Project organization structures -- Project teams -- Project leadership -- Project management computing. | ||
| 650 | _aProject management. | ||
| 650 | _aIndustrial project management. | ||
| 942 |
_2lcc _cBK |
||
| 999 |
_c748 _d8248 |
||